Responses for show #2571 - Monday, November 6, 1995

1995 Celebrity Jeopardy! game 1.

Contestants

[<< previous game]

David Duchovny, a brilliant FBI paranormal investigator in Fox Mulder from The X-Files originally from New York, New York

Lynn Redgrave, an international star who sparkles on stage, screen, and television originally from London, England

Stephen King, a stellar name in bookstores and at the box office, the world's best-selling author from Bangor, Maine

[next game >>]

Jeopardy! Round responses

FICTIONAL CHARACTERS
BIRD TV
TRAVEL & TOURISM
RHYME TIME
THE BIBLE
POTPOURRI
    $100 1
Huckleberry Finn

David
    $100 10
Sesame Street

Stephen
    $100 17
(David: I'm an actor, I don't work in wood.)

good wood

Triple Stumper
    $100 6
Adam

David
    $100 12
Stephen Foster

Stephen
    $200 2
David Copperfield

David
    $200 13
Baretta

David
    $200 18
a deep sleep

Lynn
    $200 7
(Lynn: What is "bless"?)

"In"

LynnDavid
    $200 20
a rose

Lynn
    $300 3
Jane Eyre

Stephen
    $300 14
(Alex: You are right and on the plus side. It works, it works!)

The Odd Couple

Lynn
    $300 19
(Lynn: Who is the Artful Dodger?)
(Alex: No. Remember, it's RHYME TIME.)

the chief thief

Lynn
Triple Stumper
    $300 8
the Romans

David
    $300 21
(Lynn: What is the thing of the environment?)

The Department of Agriculture

LynnDavid
    $400 4
Sherlock Holmes

Stephen
    $400 15
the Penguin

David
    $400 22
barn yarn

David
    $400 9
frogs

Stephen
    $500 5
(Lynn: [Who has been frantically trying to get the buzzer to work] It's driving me mad!)

Lady Chatterley

David
    $500 16
Falcon Crest

Triple Stumper
    $500 23
(Alex: That does it for the first round. We have David with a 400-point lead over Stephen. Lynn at -$100. You can all relax for a few minutes.)
(Lynn: Why am I minus? Tell me, give me a good reason! I've been answering. I've been beeping. These beastly people next to me are not helping. They don't say, "After you, Lynn," like real gentlemen. What's the matter?)
[Laughter]
(Alex: Does the word... stupid mean anything?)
(Lynn: See me to my car.)
(Alex: Yes, I will, stand over here, you're gonna have a lot of fun in the second round.)

a major wager

Triple Stumper
    $1,000 11
John the Baptist

Stephen

Scores at the first commercial break (after clue 10):

Stephen Lynn David
$1,200 -$200 $1,400

Scores at the end of the Jeopardy! Round:

Stephen Lynn David
$2,300 -$100 $2,700

Double Jeopardy! Round responses

WORLD CITIES
SPORTS
BALLET
U.S. PRESIDENTS
FOOD
GENERAL SCIENCE
    $200 26
Venice

David
    $200 3
Wayne Gretzky

David
    $200 1
(Lynn: What is the Sleeping Beauty?)

Cinderella

Lynn
Triple Stumper
    $200 8
George Washington

Stephen
    $200 9
lamb

David
    $200 20
DNA

Stephen
    $400 27
Montreal

David
    $400 4
Bjorn Borg

David
    $400 2
(Lynn: Who are the Sylphid?)

Swan Lake

LynnDavid
    $400 10
(David: Who is [*] Alexander?)
(Alex: Right--no! Sorry.)
...
(David: I was still on SPORTS!)
(Alex: I know you were.)

Grover Cleveland

StephenDavid
    $400 11
Hollandaise sauce

Stephen
    $400 21
lava

Lynn
    $600 28
Lisbon

Lynn
    $600 5
Mickey Mantle

David
    $600 16
The Hunchback of Notre Dame

Lynn
    $600 14
Thomas Jefferson

David
    $600 12
squid

Stephen
    $600 22
(Stephen: What is monsoon?)

typhoon

Stephen
Triple Stumper
    $800 29
(Stephen: What is Tehran?)
[The end-of-round signal sounds.]

Baghdad

Stephen
Triple Stumper
    $800 6
(David: [Looking at Lynn and Stephen] Don't look at me that way! [Laughter])

the Pittsburgh Steelers

David
    $800 17
Agnes De Mille

Lynn
    $800 15
Lyndon Johnson

Lynn
    $800 13
pumpernickel

David
    $2,000 24
(Alex: And we have less than a minute to go in the round.)

fructose

David
    $1000 7
the Triple Jump

Triple Stumper
    $1000 18
(David: Whoa!)

Oscar Wilde

Stephen
    $2,000 19
Woodrow Wilson

Stephen
    $1000 23
a scone

David
    $1000 25
sterile (sterility accepted)

Lynn

Scores at the end of the Double Jeopardy! Round:

Stephen Lynn David
$5,700 $3,500 $9,900

[wagering suggestions for these scores]

Final Jeopardy! Round responses

BUSINESS & LITERATURE
(Alex: Now, I'm sure you all got the right response.)
...
(David: [To Lynn] That's a good answer.)
(Lynn: Thank you, David. So I bet the lot.)
(Alex: That was a good thing to do, but unfortunately, it takes you down to zero. Let's go to Stephen King. He had $5,700. He was in second place. His response was... What is [*]? Truman Capote wrote Breakfast at [*]. Good response. Your wager? Everything. You're leading now with $11,400. And now we come to David Duchovny, who was leading with $9,900. He could be the winner today if he came up with the correct response.)
(David: If.)
(Alex: Alex: He wrote down... What is Rizzoli's? So that's incorrect. Your wager? $9,000. That drops you down to $900. But not to worry, David, because you and Lynn... Your charities will each receive $10,000. Stephen King, your charity will receive $11,400.)
(Stephen: Yes!)
(Alex: You're the winner today. Congratulations. Tomorrow, three more of your favorites.)
LynnWhat Brentanos
$3,500
StephenWhat is Tiffany's?
$5,700
DavidWhat is Rizzoli's?
$9,000
Tiffany's

Final scores:

Stephen Lynn David
$11,400 $0 $900
Winner: $11,400 to the Bangor Public Library 3rd place: $10,000 to Edwin Booth's Place and P.A.T.H., the Preservation Association for Tudor Hall 2nd place: $10,000 to the Children's Defense League

Game dynamics:

Coryat scores:

Stephen Lynn David
$4,200 $3,500 $8,700
13 R
(including 2 DDs),
2 W
9 R,
5 W
22 R
(including 1 DD),
1 W

Combined Coryat: $16,400

The J! Archive is created by fans, for fans. The Jeopardy! game show and all elements thereof, including but not limited to copyright and trademark thereto, are the property of Jeopardy Productions, Inc. and are protected under law. This website is not affiliated with, sponsored by, or operated by Jeopardy Productions, Inc. Join the discussion at JBoard.tv.